000 01186nam a2200265Ia 4500
003 OSt
005 20221005103634.0
006 a|||||r|||| 00| 0
007 ta
008 221004b |||||||| |||| 00| 0 san d
020 _a9788183152723 (hbk)
_c1200
024 _a24738
037 _b57, 22/12/2015, Mallika Books
_cTextual
040 _aCRL
_cCRL
_bsan
041 _2san
_asan
082 _aR6:g, 152Q5
100 _aपारनेरकर, विष्णु रामचन्द्र
245 0 _aपूर्णावाद - प्रबोध
_b भारतीय दर्शन परम्परा का पूर्णवादी मूल्यांकन
246 _aPūrṇāvād - prabodha: bhāratīya darshan paramparā kā pūrṇavādī mūlyāankana
260 _aदिल्ली
_bअखिल भारतीय दर्शन - परिषद् भारत
_c2015
300 _a422पृ0
_ccm.
650 _aभारतीय दर्शन
942 _hR6:g, 152Q5
_cTEXL
_2cc
999 _c1010475
_d1010475